| 000 | 00805nam a22002417a 4500 | ||
|---|---|---|---|
| 003 | dpl | ||
| 005 | 20180602155828.0 | ||
| 008 | 180602b xxu||||| |||| 00| 0 eng d | ||
| 010 | _aA-993647 | ||
| 020 | _c00.00 | ||
| 035 | _aA-993647, A-993651 | ||
| 037 | _bCen Lib/Ret | ||
| 040 |
_adpl _bEN _c0 |
||
| 082 |
_a380.1453384 _bSER |
||
| 245 |
_aServices marketing : _cedited by P.K.Sinha [and] S.C.Sahoo _btext & readings / |
||
| 260 |
_bHimalaya Publishing House _c1994 _aNew Delhi |
||
| 270 |
_a"Pooja Apartments",4-B, Murari Lal Street, Ansari Road, Daryaganj _bNew Delhi _e110002 |
||
| 300 |
_axiii,253p. : _c20cm(Hb) _bill. |
||
| 650 |
_aMarketing of services. _921674 |
||
| 700 |
_aSinha, P.K. _921675 |
||
| 700 |
_aSahoo, S.C. _921676 |
||
| 942 |
_2ddc _cEN _h380.1453384 _mSER |
||
| 999 |
_c127835 _d127835 |
||